000 00585nam a2200181 i 4500
001 135664
003 ES-MaACL
005 20230906194927.0
007 t|
008 070730s1972 sp ||||1| spa d
080 _a251.4
100 1 _aTorres Domenech, Vicente.
_9110950
245 1 3 _aLa homilía
_b: comentario pastoral a los nuevos testos (ciclo B) /
_cVicente Torres Domenech.
260 _aValencia :
_bComercial Editora de Publicaciones,
_c[1972]
300 _a258 p. :
_b21 cm.
650 1 4 _aSermones para el año litúrgico.
_917056
852 _aES-MaACL
_jC-49338
_bR.84165
999 _c135664
_d135664